000 00280nam a22001217a 4500
041 _aENG
100 _aCoddington .A
245 _aTheory Of Ordinary Differential equations
260 _aDelhi
_bTata McGraw-Hill
_c2004
300 _a429
650 _aM.Tech
856 _uM.Tech -(7)
999 _c998
_d998